World Geography by letter W - Statistics

General Stats
  • This quiz has been taken 85 times
    41 since last reset
  • The average score is 9 of 15
Answer Stats
Hint Answer % Correct
Capital of New Zealand Wellington
100%
Constituent Country in the United Kingdom Wales
97%
Least populated State in the USA Wyoming
97%
State in the USA, named after a president Washington
92%
State just west of Virginia West Virginia
92%
Largest State in Australia Western Australia
72%
Palestinian territory West Bank
69%
Mostly un-recognized Country, in Morocco Western Sahara
67%
Island off of the Southern Coast of England Isle of wight
47%
Sea, North of Russia White Sea
47%
Major City in Massachusetts Worcester
31%
Capital of Yukon Whitehorse
25%
Indonesian Province, on the island of New Guinea West Papua
17%
City in New York known for being the birthplace of memorial day Waterloo
14%
Mountain range in Eastern Alaska Wrangell Mountains
6%
No matching quizzes found
Score Distribution
Percent of People with Each Score
Percentile by Number Answered
Your Score History
You have not taken this quiz since the last reset